[Event "ODJM C 2024"]
[Site "Willingen GER"]
[Date "2024.05.19"]
[Round "2"]
[White "Neumann, Viktoria"]
[Black "Margaryan, Mari"]
[Result "0-1"]
[Termination "normal"]
[Board "41"]
[WhiteElo "769"]
[BlackElo "1070"]
[WhiteClock "01:04:33"]
[BlackClock "01:19:47"]
[PlyCount "68"]
[WhiteFideId "34697292"]
[BlackFideId "16279700"]
[EventCountry "GER"]
[EventRounds "9"]
[EventType "swiss"]
[EventDate "2024.05.18"]

1. d4 {[%clk 01:30:57]} {[%emt 00:00:03]} d5 {[%clk 01:30:52]} {[%emt
00:00:09]} 2. Bf4 {[%clk 01:31:12]} {[%emt 00:00:14]} Nf6 {[%clk 01:30:40]}
{[%emt 00:00:43]} 3. e3 {[%clk 01:31:24]} {[%emt 00:00:17]} Bf5 {[%clk
01:30:18]} {[%emt 00:00:53]} 4. Nf3 {[%clk 01:31:21]} {[%emt 00:00:32]} e6
{[%clk 01:30:38]} {[%emt 00:00:10]} 5. Bd3 {[%clk 01:31:20]} {[%emt 00:00:31]}
Bg6 {[%clk 01:30:27]} {[%emt 00:00:42]} 6. c3 {[%clk 01:31:09]} {[%emt
00:00:41]} Bd6 {[%clk 01:26:25]} {[%emt 00:04:32]} 7. Bg3 {[%clk 01:30:57]}
{[%emt 00:00:41]} O-O {[%clk 01:25:31]} {[%emt 00:01:26]} 8. Qc2 {[%clk
01:30:47]} {[%emt 00:00:39]} Bxd3 {[%clk 01:25:09]} {[%emt 00:00:53]} 9. Qxd3
{[%clk 01:30:44]} {[%emt 00:00:33]} Ne4 {[%clk 01:25:35]} {[%emt 00:00:05]} 10.
Qe2 {[%clk 01:28:48]} {[%emt 00:02:24]} f5 {[%clk 01:25:06]} {[%emt 00:01:00]}
11. Ne5 {[%clk 01:27:48]} {[%emt 00:01:30]} Nd7 {[%clk 01:23:36]} {[%emt
00:02:00]} 12. Nd2 {[%clk 01:26:55]} {[%emt 00:01:23]} c6 {[%clk 01:23:08]}
{[%emt 00:00:58]} 13. O-O-O {[%clk 01:26:18]} {[%emt 00:01:06]} Qc7 {[%clk
01:20:37]} {[%emt 00:03:02]} 14. Nxd7 {[%clk 01:23:07]} {[%emt 00:03:40]} Qxd7
{[%clk 01:20:56]} {[%emt 00:00:12]} 15. Nf3 {[%clk 01:19:47]} {[%emt 00:03:49]}
b5 {[%clk 01:20:18]} {[%emt 00:01:09]} 16. Bxd6 {[%clk 01:19:22]} {[%emt
00:00:54]} Qxd6 {[%clk 01:20:25]} {[%emt 00:00:24]} 17. Ne5 {[%clk 01:18:31]}
{[%emt 00:01:20]} a5 {[%clk 01:20:36]} {[%emt 00:00:20]} 18. h4 {[%clk
01:17:20]} {[%emt 00:01:41]} b4 {[%clk 01:20:57]} {[%emt 00:00:09]} 19. c4
{[%clk 01:14:46]} {[%emt 00:03:03]} a4 {[%clk 01:20:33]} {[%emt 00:00:55]} 20.
b3 {[%clk 01:14:29]} {[%emt 00:00:48]} Nc3 {[%clk 01:20:04]} {[%emt 00:00:58]}
21. Qh5 {[%clk 01:13:23]} {[%emt 00:01:36]} Nxd1 {[%clk 01:20:21]} {[%emt
00:00:13]} 22. Kxd1 {[%clk 01:12:27]} {[%emt 00:01:25]} axb3 {[%clk 01:20:43]}
{[%emt 00:00:09]} 23. axb3 {[%clk 01:12:18]} {[%emt 00:00:38]} Ra1+ {[%clk
01:21:01]} {[%emt 00:00:12]} 24. Ke2 {[%clk 01:11:29]} {[%emt 00:01:18]} Rxh1
{[%clk 01:21:20]} {[%emt 00:00:12]} 25. g3 {[%clk 01:11:10]} {[%emt 00:00:50]}
Rb1 {[%clk 01:20:24]} {[%emt 00:01:26]} 26. f3 {[%clk 01:07:14]} {[%emt
00:04:25]} Rxb3 {[%clk 01:20:27]} {[%emt 00:00:28]} 27. g4 {[%clk 01:07:06]}
{[%emt 00:00:37]} fxg4 {[%clk 01:20:48]} {[%emt 00:00:09]} 28. fxg4 {[%clk
01:07:01]} {[%emt 00:00:35]} Rb2+ {[%clk 01:20:01]} {[%emt 00:01:18]} 29. Kd3
{[%clk 01:06:45]} {[%emt 00:00:46]} Rff2 {[%clk 01:20:12]} {[%emt 00:00:19]}
30. e4 {[%clk 01:06:28]} {[%emt 00:00:47]} dxe4+ {[%clk 01:19:38]} {[%emt
00:01:04]} 31. Kxe4 {[%clk 01:06:09]} {[%emt 00:00:48]} Rbe2+ {[%clk 01:19:55]}
{[%emt 00:00:14]} 32. Kd3 {[%clk 01:05:41]} {[%emt 00:00:58]} c5 {[%clk
01:19:47]} {[%emt 00:00:38]} 33. d5 {[%clk 01:04:48]} {[%emt 00:01:22]} exd5
{[%clk 01:20:06]} {[%emt 00:00:12]} 34. cxd5 {[%clk 01:04:33]} {[%emt
00:00:45]} Qxd5# {[%clk 01:19:47]} {[%emt 00:00:13]} 0-1

[Event "ODJM C 2024"]
[Site "Willingen GER"]
[Date "2024.05.19"]
[Round "2"]
[White "Schmidt, Lina"]
[Black "Rafikov, Artur"]
[Result "0-1"]
[Termination "normal"]
[Board "43"]
[WhiteElo "746"]
[BlackElo "1021"]
[WhiteClock "01:24:14"]
[BlackClock "01:08:02"]
[PlyCount "62"]
[WhiteFideId "34681493"]
[BlackFideId "34642676"]
[EventCountry "GER"]
[EventRounds "9"]
[EventType "swiss"]
[EventDate "2024.05.18"]

1. e4 {[%clk 01:30:59]} e5 {[%emt 00:00:03]} 2. Nf3 {[%clk 01:31:21]} {[%emt
00:00:07]} Nc6 {[%clk 01:31:18]} {[%emt 00:00:10]} 3. d3 {[%clk 01:31:35]}
{[%emt 00:00:17]} h6 {[%clk 01:31:24]} {[%emt 00:00:24]} 4. Nc3 {[%clk
01:31:46]} {[%emt 00:00:18]} Nf6 {[%clk 01:31:28]} {[%emt 00:00:26]} 5. Be2
{[%clk 01:31:54]} {[%emt 00:00:22]} Bc5 {[%clk 01:31:36]} {[%emt 00:00:22]} 6.
Be3 {[%clk 01:32:11]} {[%emt 00:00:14]} Bb6 {[%clk 01:31:55]} {[%emt 00:00:11]}
7. O-O {[%clk 01:32:23]} {[%emt 00:00:18]} d6 {[%clk 01:32:08]} {[%emt
00:00:17]} 8. Nd5 {[%clk 01:32:10]} {[%emt 00:00:43]} Be6 {[%clk 01:31:38]}
{[%emt 00:00:59]} 9. Nxf6+ {[%clk 01:32:26]} {[%emt 00:00:15]} Qxf6 {[%clk
01:31:57]} {[%emt 00:00:11]} 10. Qd2 {[%clk 01:31:47]} {[%emt 00:01:10]} O-O
{[%clk 01:30:06]} {[%emt 00:02:20]} 11. Qc3 {[%clk 01:31:44]} {[%emt 00:00:32]}
Qg6 {[%clk 01:29:14]} {[%emt 00:01:22]} 12. Nh4 {[%clk 01:31:43]} {[%emt
00:00:31]} Qf6 {[%clk 01:28:29]} {[%emt 00:01:15]} 13. Nf3 {[%clk 01:31:25]}
{[%emt 00:00:48]} Bg4 {[%clk 01:27:37]} {[%emt 00:01:22]} 14. Qd2 {[%clk
01:31:16]} {[%emt 00:00:40]} Rad8 {[%clk 01:27:13]} {[%emt 00:00:54]} 15. Rfe1
{[%clk 01:30:24]} {[%emt 00:01:22]} Bxe3 {[%clk 01:26:32]} {[%emt 00:01:10]}
16. fxe3 {[%clk 01:27:14]} {[%emt 00:03:41]} Qg6 {[%clk 01:24:56]} {[%emt
00:02:06]} 17. Nh4 {[%clk 01:27:17]} {[%emt 00:00:27]} Qg5 {[%clk 01:24:29]}
{[%emt 00:00:57]} 18. Nf3 {[%clk 01:26:00]} {[%emt 00:01:48]} Qh5 {[%clk
01:18:25]} {[%emt 00:06:33]} 19. Rf1 {[%clk 01:26:09]} {[%emt 00:00:22]} f5
{[%clk 01:18:06]} {[%emt 00:00:48]} 20. exf5 {[%clk 01:25:53]} {[%emt
00:00:45]} d5 {[%clk 01:17:10]} {[%emt 00:01:26]} 21. h3 {[%clk 01:25:37]}
{[%emt 00:00:47]} Bxf3 {[%clk 01:15:34]} {[%emt 00:02:05]} 22. Bxf3 {[%clk
01:25:48]} {[%emt 00:00:19]} Qg5 {[%clk 01:15:01]} {[%emt 00:01:01]} 23. e4
{[%clk 01:26:06]} {[%emt 00:00:14]} Qxd2 {[%clk 01:15:09]} {[%emt 00:00:21]}
24. Rfd1 {[%clk 01:26:20]} {[%emt 00:00:17]} Qe3+ {[%clk 01:14:44]} {[%emt
00:00:54]} 25. Kh1 {[%clk 01:26:00]} {[%emt 00:00:50]} Nd4 {[%clk 01:12:38]}
{[%emt 00:02:35]} 26. Rf1 {[%clk 01:24:38]} {[%emt 00:01:54]} Nxf3 {[%clk
01:11:19]} {[%emt 00:01:49]} 27. gxf3 {[%clk 01:24:56]} {[%emt 00:00:11]} Qd2
{[%clk 01:09:56]} {[%emt 00:01:53]} 28. Rac1 {[%clk 01:24:45]} {[%emt
00:00:42]} Rf6 {[%clk 01:08:17]} {[%emt 00:02:08]} 29. h4 {[%clk 01:24:22]}
{[%emt 00:00:53]} g6 {[%clk 01:08:01]} {[%emt 00:00:45]} 30. fxg6 {[%clk
01:24:11]} {[%emt 00:00:43]} Rxg6 {[%clk 01:08:02]} {[%emt 00:00:29]} 31. exd5
{[%clk 01:24:14]} {[%emt 00:00:27]} Qg2# {[%emt 00:01:20]} 0-1